Study on the rapid vulcanization of natural rubber at high temperature (Record no. 69871)

MARC details
000 -LEADER
fixed length control field 00610nam a2200193Ia 4500
100 ## - MAIN ENTRY--AUTHOR NAME
Personal name Meng X D
245 #0 - TITLE STATEMENT
Title Study on the rapid vulcanization of natural rubber at high temperature
260 ## - PUBLICATION, DISTRIBUTION, ETC. (IMPRINT)
Name of publisher International Rubber Conference 1997. Rubber Science and Technology: Improving Quality of Life, Kuala Lumpur, Malaysia 6-9 Oct 1997; p387-392
650 ## - SUBJECT ADDED ENTRY--TOPICAL TERM
Topical Term Natural rubber
650 ## - SUBJECT ADDED ENTRY--TOPICAL TERM
Topical Term Rapid vulcanization
700 ## - ADDED ENTRY--PERSONAL NAME
Personal name Du A H
700 ## - ADDED ENTRY--PERSONAL NAME
Personal name Fan R L
700 ## - ADDED ENTRY--PERSONAL NAME
Personal name Ji K J
700 ## - ADDED ENTRY--PERSONAL NAME
Personal name Song C J
700 ## - ADDED ENTRY--PERSONAL NAME
Personal name Wang H B
700 ## - ADDED ENTRY--PERSONAL NAME
Personal name Zhang G N
942 ## - ADDED ENTRY ELEMENTS (KOHA)
Koha item type Journals
Holdings
Withdrawn status Lost status Damaged status Not for loan Home library Current library Shelving location Date acquired Koha item type
      Journals RRII Library RRII Library Rubber chemistry 17/12/2021 Journals